The twenty-first century deacon and deaconess : (Record no. 17042)

MARC details
000 -LEADER
fixed length control field 00739cam a22002177a 4500
001 - CONTROL NUMBER
control field 12338066
003 - CONTROL NUMBER IDENTIFIER
control field AUA.1
005 - DATE AND TIME OF LATEST TRANSACTION
control field 20191205153350.0
008 - FIXED-LENGTH DATA ELEMENTS--GENERAL INFORMATION
fixed length control field 161108b xxu||||| |||| 00| 0 eng d
020 ## - INTERNATIONAL STANDARD BOOK NUMBER
International Standard Book Number 9780983259206
040 ## - CATALOGING SOURCE
Original cataloging agency DLC
Transcribing agency DLC
050 00 - LIBRARY OF CONGRESS CALL NUMBER
Classification number BV 680
Item number .W45 2011
100 1# - MAIN ENTRY--PERSONAL NAME
Personal name White, Vincent E.
245 10 - TITLE STATEMENT
Title The twenty-first century deacon and deaconess :
Remainder of title reflecting the biblical model /
Statement of responsibility, etc Vincent E. White, Sr.
260 ## - PUBLICATION, DISTRIBUTION, ETC. (IMPRINT)
Place of publication, distribution, etc Huntsville, :
Name of publisher, distributor, etc AVA's Book Publishers,
Date of publication, distribution, etc 2011.
300 ## - PHYSICAL DESCRIPTION
Extent [xiii], 226 p. ;
Dimensions 21 cm.
504 ## - BIBLIOGRAPHY, ETC. NOTE
Bibliography, etc includes bibliography and reference
906 ## - LOCAL DATA ELEMENT F, LDF (RLIN)
a 7
b cbc
c orignew
d 4
e ncip
f 20
g y-gencatlg
942 ## - ADDED ENTRY ELEMENTS (KOHA)
Source of classification or shelving scheme Library of Congress Classification
Koha item type Delbert W. Baker Special Leadership Collection
Classification part BV 680
Item part .W45 2011
Holdings
Withdrawn status Lost status Source of classification or shelving scheme Damaged status Not for loan Collection code Home library Current library Shelving location Date acquired Source of acquisition Cost, normal purchase price Serial Enumeration / chronology Full call number Barcode Date last seen Cost, replacement price Price effective from Koha item type
    Library of Congress Classification     DWB Special Leadership Collection Judith Thomas Library Judith Thomas Library Delbert W. Baker Special Leadership Collection 08/11/2016 Donation, Dr. Delbert Baker 10.00 AUA20657 BV 680 .W45 2011 AUA20657 08/11/2016 10.00 08/11/2016 Delbert W. Baker Special Leadership Collection